<?xml version="1.0" encoding="UTF-8"?>
<record
    xmlns:xsi="http://www.w3.org/2001/XMLSchema-instance"
    xsi:schemaLocation="http://www.loc.gov/MARC21/slim http://www.loc.gov/standards/marcxml/schema/MARC21slim.xsd"
    xmlns="http://www.loc.gov/MARC21/slim">

  <leader>02234nam a22002177a 4500</leader>
  <controlfield tag="003">0</controlfield>
  <controlfield tag="005">20250729110019.0</controlfield>
  <controlfield tag="008">250729b        xxu||||| |||| 00| 0 eng d</controlfield>
  <datafield tag="020" ind1=" " ind2=" ">
    <subfield code="a">9781394254972</subfield>
  </datafield>
  <datafield tag="050" ind1=" " ind2=" ">
    <subfield code="a">HD45</subfield>
    <subfield code="b">.L49 2025</subfield>
  </datafield>
  <datafield tag="100" ind1=" " ind2=" ">
    <subfield code="a">Lewrick, Michael  </subfield>
    <subfield code="e">author</subfield>
  </datafield>
  <datafield tag="245" ind1=" " ind2=" ">
    <subfield code="a">AI and innovation :</subfield>
    <subfield code="b">how to transform your business and outpace the competition with generative AI</subfield>
    <subfield code="c">Michael Lewrick and Omar Hatamleh</subfield>
  </datafield>
  <datafield tag="260" ind1=" " ind2=" ">
    <subfield code="a">Hoboken, New Jersey</subfield>
    <subfield code="b">John Wiley &amp; Sons, Inc.</subfield>
    <subfield code="c">2025</subfield>
  </datafield>
  <datafield tag="300" ind1=" " ind2=" ">
    <subfield code="a">269 pages :</subfield>
    <subfield code="b">colored illustrations and pictures ; </subfield>
    <subfield code="c">26cm. </subfield>
  </datafield>
  <datafield tag="504" ind1=" " ind2=" ">
    <subfield code="a">Includes bibliographical references and index. </subfield>
  </datafield>
  <datafield tag="520" ind1=" " ind2=" ">
    <subfield code="a">Transform your organization's approach to AI with tested frameworks from global leaders AI and Innovation: How to Transform Your Business and Outpace the Competition with Generative AI is an expert blueprint on shaping and scaling the AI ecosystem of the future, revealing frameworks already tested and implemented at leading companies including Siemens, GE, and Microsoft. This book contains insight, use cases, tools, and templates to help readers build a brighter future for their organizations based on a fusion of disciplines, new concepts, and foresight thinking. Written by two transformational business leaders, this AI and Innovation shows readers how to create the future of the innovation engine by connecting the dots between technology, change, and business success. The authors discuss topics including: Understanding the core concepts behind AI, including why it matters and what it actually is Generating a roadmap of change, then applying concrete tools and methods to kick-start and anticipate transformational change Transforming the ways of working, collaborating, and realizing new market opportunities Preparing for the future as AI and related technologies continue to progress at a breathtaking pace AI and Innovation is a timely, essential read for business leaders, innovation and strategy managers, and executives seeking state-of-the-art guidance on AI and proven best practices for implementation.
</subfield>
  </datafield>
  <datafield tag="650" ind1=" " ind2=" ">
    <subfield code="a">Artificial intelligence.</subfield>
  </datafield>
  <datafield tag="650" ind1=" " ind2=" ">
    <subfield code="a">Business data processing -- Artificial intelligence.</subfield>
  </datafield>
  <datafield tag="700" ind1=" " ind2=" ">
    <subfield code="a">Hatamleh, Omar </subfield>
    <subfield code="e">author.</subfield>
  </datafield>
  <datafield tag="942" ind1=" " ind2=" ">
    <subfield code="2">lcc</subfield>
    <subfield code="c">BK</subfield>
  </datafield>
  <datafield tag="999" ind1=" " ind2=" ">
    <subfield code="c">367482</subfield>
    <subfield code="d">367482</subfield>
  </datafield>
  <datafield tag="952" ind1=" " ind2=" ">
    <subfield code="0">0</subfield>
    <subfield code="1">0</subfield>
    <subfield code="2">lcc</subfield>
    <subfield code="4">0</subfield>
    <subfield code="a">CL</subfield>
    <subfield code="b">CL</subfield>
    <subfield code="c">RES</subfield>
    <subfield code="d">2025-07-29</subfield>
    <subfield code="e">Library Fund</subfield>
    <subfield code="k">RES</subfield>
    <subfield code="l">2</subfield>
    <subfield code="m">1</subfield>
    <subfield code="o">HD 45 .L49 2025</subfield>
    <subfield code="p">C24603</subfield>
    <subfield code="r">2025-12-15 00:00:00</subfield>
    <subfield code="s">2025-11-26</subfield>
    <subfield code="w">2025-07-29</subfield>
    <subfield code="y">BK</subfield>
  </datafield>
  <datafield tag="952" ind1=" " ind2=" ">
    <subfield code="0">0</subfield>
    <subfield code="1">0</subfield>
    <subfield code="2">lcc</subfield>
    <subfield code="4">0</subfield>
    <subfield code="a">CL</subfield>
    <subfield code="b">CL</subfield>
    <subfield code="c">RES</subfield>
    <subfield code="d">2025-06-04</subfield>
    <subfield code="e">Library Fund</subfield>
    <subfield code="k">RES</subfield>
    <subfield code="l">0</subfield>
    <subfield code="o">HD45 .L49 2025</subfield>
    <subfield code="p">C25213</subfield>
    <subfield code="r">2025-09-25 00:00:00</subfield>
    <subfield code="w">2025-09-25</subfield>
    <subfield code="y">BK</subfield>
  </datafield>
</record>
